| 000 | 00335nam a2200109Ia 4500 | ||
|---|---|---|---|
| 008 | 160531s9999 xx 000 0 und d | ||
| 100 | _aSchapira, Pierre. | ||
| 245 | 3 | _aAn introduction to Algebra and Topology | |
| 245 | _cby Pierre Schapira | ||
| 260 | _c2012 | ||
| 856 | _uhttps://webusers.imj-prg.fr/~pierre.schapira/lectnotes/Lux.pdf | ||
| 999 |
_c295153 _d295153 |
||